Countries Bordering the Atlantic Ocean with an Empty Map - Statistics

General Stats
  • This quiz has been taken 4,426 times
  • The average score is 83 of 92
Answers on the Map
Answers color-coded by a green-red scale on the quiz's map according to % correct below.
 
Answer Stats
Countries % Correct
Canada
99%
United States
99%
Brazil
98%
France
98%
Ireland
98%
Mexico
98%
Portugal
98%
Spain
98%
United Kingdom
98%
Cuba
97%
Denmark
97%
Morocco
97%
Haiti
96%
Italy
96%
Norway
96%
Sweden
96%
Venezuela
96%
Argentina
95%
Belgium
95%
Colombia
95%
Germany
95%
Guyana
95%
Netherlands
95%
Suriname
95%
Algeria
94%
Dominican Republic
94%
Greece
94%
Jamaica
94%
Panama
94%
Uruguay
94%
Bahamas
93%
Belize
93%
Honduras
93%
South Africa
93%
Turkey
93%
Dominica
92%
Egypt
92%
Finland
92%
Libya
92%
Nicaragua
92%
Tunisia
92%
Angola
91%
Iceland
91%
Mauritania
91%
Russia
91%
Senegal
91%
Albania
90%
Costa Rica
90%
Cote d'Ivoire
90%
Croatia
90%
Ghana
90%
Guatemala
90%
Namibia
90%
Nigeria
90%
Cyprus
89%
Estonia
89%
Guinea
89%
Latvia
89%
Liberia
89%
Poland
89%
Bosnia and Herzegovina
88%
DR Congo
88%
Gambia
88%
Lithuania
88%
Togo
88%
Benin
87%
Cameroon
87%
Israel
87%
Republic of the Congo
87%
Saint Lucia
87%
Barbados
86%
Equatorial Guinea
86%
Gabon
86%
Guinea-Bissau
86%
Lebanon
86%
Montenegro
86%
Saint Kitts and Nevis
86%
Sierra Leone
86%
Trinidad and Tobago
86%
Cape Verde
85%
Saint Vincent and the Grenadines
85%
Antigua and Barbuda
84%
Slovenia
84%
Syria
83%
Grenada
82%
Malta
82%
Sao Tome and Principe
79%
Bulgaria
74%
Romania
73%
Ukraine
73%
Monaco
67%
Georgia
56%
No matching quizzes found
Score Distribution
Percent of People with Each Score
Percentile by Number Answered
Your Score History
You have not taken this quiz